LIBRARY & INFORMATION CENTRE, KCAET, TAVANUR

ONLINE PUBLIC ACCESS CATALOGUE (OPAC)

Text book of engineering mathematics / (Record no. 9697)

MARC details
000 -LEADER
fixed length control field 00504cam a2200193ua 4500
041 ## - LANGUAGE CODE
Language code of text/sound track or separate title eng
082 ## - DEWEY DECIMAL CLASSIFICATION NUMBER
Classification number 519.062
Item number SRI/TE
100 ## - MAIN ENTRY--AUTHOR NAME
Personal name Srivastava, K N .
245 ## - TITLE STATEMENT
Title Text book of engineering mathematics /
250 ## - EDITION STATEMENT
Edition statement 1 /
260 ## - PUBLICATION, DISTRIBUTION, ETC. (IMPRINT)
Place of publication New Delhi :
Name of publisher Dhanpat Rai Publishing Co. Pvt. Ltd. ,
Year of publication 1984.
300 ## - PHYSICAL DESCRIPTION
Number of Pages 718 ; .
700 1# - ADDED ENTRY--PERSONAL NAME
Personal name Dhawan, G K .
942 ## - ADDED ENTRY ELEMENTS (KOHA)
Koha item type Books
Holdings
Withdrawn status Lost status Damaged status Home library Current library Date acquired Full call number Accession Number Koha item type
      KAUAET KAUAET 22/08/1986 519.062 SRI/TE 15488 Books
free website counter